[Event "Saint-Lô Open Jeunes -2000"]
[Site "Saint-Lô"]
[Date "2014.07.06"]
[Round "1.1"]
[White "Roque, Gaëtan"]
[Black "Clipcea, Caius"]
[Result "1-0"]
[WhiteElo "1925"]
[BlackElo "1543"]
[PlyCount "53"]
[EventCountry "FRA"]
[SourceDate "2014.07.06"]

1. d4 f5 2. e4 fxe4 3. Nc3 Nf6 4. Bg5 g6 5. Bxf6 exf6 6. Nxe4 f5 7. Nc3 Nc6 8.
d5 Ne5 9. Qe2 Qe7 10. O-O-O d6 11. Re1 Bd7 12. f4 Ng4 13. Qd2 Ne5 14. fxe5 dxe5
15. Nb5 Bxb5 16. Bxb5+ Kf7 17. Nf3 Bg7 18. Ng5+ Kf6 19. Ne4+ Kf7 20. Ng5+ Kf6
21. Ne6 Kf7 22. g4 h5 23. Nxg7 Kxg7 24. gxf5 gxf5 25. Rhg1+ Kf6 26. Qg5+ Kf7
27. Qg7# 1-0

[Event "Saint-Lô Open Jeunes -2000"]
[Site "Saint-Lô"]
[Date "2014.07.06"]
[Round "1.3"]
[White "Jamar, Vadim"]
[Black "Bassini, Emile"]
[Result "1-0"]
[WhiteElo "1881"]
[BlackElo "1540"]
[PlyCount "117"]
[EventCountry "FRA"]
[SourceDate "2014.07.06"]

1. e4 e5 2. Nf3 f5 3. d3 Nc6 4. Nc3 Bc5 5. Bg5 Nf6 6. Nd5 Be7 7. Bxf6 Bxf6 8.
Ne3 f4 9. Nc4 d6 10. Qd2 Be6 11. O-O-O Qe7 12. Kb1 O-O-O 13. d4 exd4 14. Qxf4
Be5 15. Qd2 h6 16. Na5 Nxa5 17. Qxa5 Kb8 18. Nxd4 Bxd4 19. Rxd4 Bd7 20. f3 b6
21. Qc3 c5 22. Rd2 Bc6 23. Bc4 Qe5 24. Qxe5 dxe5 25. Rhd1 Kc7 26. Bd5 Bxd5 27.
Rxd5 Rhe8 28. c3 Kc8 29. Rxd8+ Rxd8 30. Rxd8+ Kxd8 31. Kc2 Kd7 32. Kd3 Kc6 33.
Ke3 g5 34. g3 Kd6 35. c4 a6 36. b3 b5 37. f4 g4 38. h3 h5 39. a4 b4 40. hxg4
hxg4 41. fxe5+ Kxe5 42. a5 Ke6 43. Kf4 Kf6 44. e5+ Ke6 45. Ke4 Kd7 46. Kf5 Ke7
47. e6 Ke8 48. Kxg4 Ke7 49. Kf5 Ke8 50. Kf6 Kf8 51. e7+ Ke8 52. g4 Kd7 53. Kf7
Kc7 54. e8=Q Kb7 55. Qd7+ Ka8 56. g5 Kb8 57. g6 Ka8 58. g7 Kb8 59. g8=Q# 1-0

[Event "Saint-Lô Open Jeunes -2000"]
[Site "Saint-Lô"]
[Date "2014.07.06"]
[Round "1.4"]
[White "Sanvoisin, Tobias"]
[Black "Miroi, Robert-Andrei"]
[Result "0-1"]
[WhiteElo "1536"]
[BlackElo "1862"]
[PlyCount "62"]
[EventCountry "FRA"]
[SourceDate "2014.07.06"]

1. d4 Nf6 2. c4 e6 3. Nc3 Bb4 4. Bf4 O-O 5. e3 Bxc3+ 6. bxc3 d6 7. Bd3 Qe7 8.
Ne2 e5 9. Bg5 h6 10. Bxf6 Qxf6 11. O-O Qe7 12. Ng3 f5 13. e4 f4 14. Nf5 Bxf5
15. exf5 Nd7 16. Be4 c6 17. Qb3 Nf6 18. f3 Kh8 19. Rab1 Rab8 20. Qa3 Nxe4 21.
fxe4 exd4 22. cxd4 Qxe4 23. Qxd6 Qxf5 24. Rb3 Rbd8 25. Qe7 Rd7 26. Qe5 Qxe5 27.
dxe5 Re8 28. Rxf4 Rxe5 29. Rf8+ Kh7 30. Rb8 Re2 31. R8xb7 Rd1# 0-1

[Event "Saint-Lô Open Jeunes -2000"]
[Site "Saint-Lô"]
[Date "2014.07.06"]
[Round "1.5"]
[White "Gagarin, Vasily"]
[Black "Bernat-Winter, Vassili"]
[Result "1-0"]
[WhiteElo "1857"]
[BlackElo "1534"]
[PlyCount "24"]
[EventCountry "FRA"]
[SourceDate "2014.07.06"]

1. d4 f5 2. Nf3 e6 3. e3 Nf6 4. Bd3 d5 5. O-O c6 6. Ne5 Bd6 7. f4 Ne4 8. Bxe4
dxe4 9. Qh5+ g6 10. Nxg6 hxg6 11. Qxh8+ Bf8 12. b3 Kf7 1-0

[Event "Saint-Lô Open Jeunes -2000"]
[Site "Saint-Lô"]
[Date "2014.07.06"]
[Round "1.6"]
[White "Alliot, Alexis"]
[Black "Bouvet, Florian"]
[Result "0-1"]
[WhiteElo "1543"]
[BlackElo "1854"]
[PlyCount "88"]
[EventCountry "FRA"]
[SourceDate "2014.07.06"]

1. d4 Nf6 2. c4 e6 3. Nf3 Bb4+ 4. Bd2 Qe7 5. Qc2 Nc6 6. g3 O-O 7. Bg2 e5 8.
dxe5 Re8 9. O-O Nxe5 10. Nxe5 Bxd2 11. Nxd2 Qxe5 12. e3 d6 13. Rfd1 Bg4 14. Nf3
Qh5 15. Qe2 Nd7 16. h3 Bxh3 17. Bxh3 Qxh3 18. Qf1 Qxf1+ 19. Rxf1 Ne5 20. Nxe5
dxe5 21. Kg2 Rad8 22. Rad1 Kf8 23. b3 f6 24. f4 exf4 25. Rxd8 Rxd8 26. exf4
Rd2+ 27. Rf2 Rxf2+ 28. Kxf2 f5 29. Ke3 Ke7 30. Kd4 Kd6 31. b4 h6 32. a3 g5 33.
Ke3 c6 34. fxg5 hxg5 35. Kd4 b5 36. cxb5 cxb5 37. Ke3 Ke5 38. Kd3 f4 39. g4 Kd5
40. Ke2 Ke4 41. Kf2 f3 42. Kf1 Ke3 43. Ke1 f2+ 44. Kf1 Kf3 0-1

[Event "Saint-Lô Open Jeunes -2000"]
[Site "Saint-Lô"]
[Date "2014.07.06"]
[Round "1.7"]
[White "Trost, Martin"]
[Black "Mathet, Jeremy"]
[Result "1-0"]
[WhiteElo "1838"]
[BlackElo "1522"]
[PlyCount "34"]
[EventCountry "FRA"]
[SourceDate "2014.07.06"]

1. e4 e6 2. d4 d5 3. exd5 exd5 4. c4 c6 5. Nc3 Nf6 6. Nf3 Be7 7. Bd3 dxc4 8.
Bxc4 O-O 9. Be3 Nbd7 10. Qb3 Qb6 11. Qc2 Ng4 12. O-O Nxe3 13. fxe3 Nf6 14. Ng5
g6 15. Rad1 h6 16. Qxg6+ Kh8 17. Qxh6+ Kg8 1-0

[Event "Saint-Lô Open Jeunes -2000"]
[Site "Saint-Lô"]
[Date "2014.07.06"]
[Round "1.8"]
[White "Botocan, Cristian-Alexandru"]
[Black "Gora, Antonina"]
[Result "0-1"]
[WhiteElo "1521"]
[BlackElo "1832"]
[PlyCount "46"]
[EventCountry "FRA"]
[SourceDate "2014.07.06"]

1. e4 c5 2. Nc3 d6 3. f4 e6 4. Bb5+ Nd7 5. Nf3 a6 6. Bxd7+ Bxd7 7. d3 Bc6 8.
O-O Nf6 9. e5 Nd7 10. Qe2 Qc7 11. exd6 Bxd6 12. g3 O-O 13. Ne4 Be7 14. b3 e5
15. fxe5 Nxe5 16. Nxe5 Qxe5 17. Bf4 Qd5 18. Bd2 f5 19. Nc3 Qh1+ 20. Kf2 Qg2+
21. Ke1 Bf6 22. Rf2 Qg1+ 23. Rf1 Qd4 0-1

[Event "Saint-Lô Open Jeunes -2000"]
[Site "Saint-Lô"]
[Date "2014.07.06"]
[Round "1.9"]
[White "Niepceron, Luc"]
[Black "Carlier, Nathan"]
[Result "0-1"]
[WhiteElo "1822"]
[BlackElo "1521"]
[PlyCount "96"]
[EventCountry "FRA"]
[SourceDate "2014.07.06"]

1. e4 e6 2. d4 d5 3. e5 c5 4. c3 Nc6 5. Nf3 Bd7 6. a3 Qb6 7. b4 cxd4 8. cxd4
Nge7 9. Be3 Nf5 10. Bd3 Nxe3 11. fxe3 Be7 12. O-O f6 13. Qe1 fxe5 14. Nxe5 Nxe5
15. dxe5 O-O-O 16. Qg3 Rdf8 17. Nd2 g6 18. Nb3 Kb8 19. Nd4 Rc8 20. Rf7 Qd8 21.
Qh3 Qe8 22. Rxh7 Rxh7 23. Qxh7 Bg5 24. Nc2 Ba4 25. Bxg6 Qc6 26. Qh5 Bxc2 27.
Bxc2 Bxe3+ 28. Kh1 Qxc2 29. Rf1 Qc1 30. Qf3 Qxf1+ 31. Qxf1 Rc1 32. Qxc1 Bxc1
33. a4 Bb2 34. g4 Bxe5 35. h4 Kc7 36. Kg2 Bf4 37. Kf3 e5 38. g5 Bxg5 39. hxg5
Kd7 40. a5 a6 41. Kg4 Ke6 42. g6 Kf6 43. g7 Kxg7 44. Kf5 e4 45. Ke5 e3 46. Kd6
e2 47. Kc7 e1=Q 48. b5 axb5 0-1

[Event "Saint-Lô Open Jeunes -2000"]
[Site "Saint-Lô"]
[Date "2014.07.06"]
[Round "1.10"]
[White "Schelleman, Niels"]
[Black "Kavalkou, Pavel"]
[Result "0-1"]
[WhiteElo "1521"]
[BlackElo "1820"]
[PlyCount "68"]
[EventCountry "FRA"]
[SourceDate "2014.07.06"]

1. e4 Nf6 2. Nc3 d5 3. e5 Nfd7 4. d4 e6 5. Nf3 c5 6. Bb5 Nc6 7. Be3 Qc7 8. O-O
a6 9. Bxc6 bxc6 10. Ne2 cxd4 11. Qxd4 c5 12. Qf4 Rb8 13. b3 d4 14. Bc1 Bb7 15.
Ng3 Bxf3 16. Qxf3 Nxe5 17. Qe2 Rb6 18. Bf4 Bd6 19. Ne4 Nf3+ 20. Qxf3 Bxf4 21.
h3 O-O 22. Kh1 e5 23. Rad1 f5 24. Nd2 e4 25. Qe2 Rh6 26. Qc4+ Kh8 27. Rfe1 Qc6
28. a4 e3 29. fxe3 Rxh3+ 30. Kg1 Rxe3 31. Nf3 Rxe1+ 32. Rxe1 Be3+ 33. Kf1 Qd6
34. Qd3 Qh6 0-1

[Event "Saint-Lô Open Jeunes -2000"]
[Site "Saint-Lô"]
[Date "2014.07.07"]
[Round "2.1"]
[White "Decaen, Melryn"]
[Black "Roque, Gaetan"]
[Result "0-1"]
[WhiteElo "1648"]
[BlackElo "1925"]
[PlyCount "48"]
[EventCountry "FRA"]
[SourceDate "2014.07.06"]

1. e4 Nf6 2. e5 Nd5 3. d4 d6 4. c4 Nb6 5. f4 dxe5 6. fxe5 Bf5 7. Be3 e6 8. Nc3
Bb4 9. Nf3 c5 10. a3 Ba5 11. Rc1 Bg4 12. Be2 Nc6 13. O-O Bxf3 14. Bxf3 Nxc4 15.
Bxc6+ bxc6 16. Qf3 O-O 17. Ne2 Nxe3 18. Qxe3 cxd4 19. Nxd4 Bb6 20. Rfd1 Qd5 21.
Rd2 Rfd8 22. Rcd1 Rd7 23. Kh1 Rad8 24. Qc3 Qxe5 0-1

[Event "Saint-Lô Open Jeunes -2000"]
[Site "Saint-Lô"]
[Date "2014.07.07"]
[Round "2.2"]
[White "De Feijter, Bas"]
[Black "Dubbeldam, Lydia"]
[Result "1-0"]
[WhiteElo "1895"]
[BlackElo "1641"]
[PlyCount "123"]
[EventCountry "FRA"]
[SourceDate "2014.07.06"]

1. d4 f5 2. Nf3 d6 3. g3 g6 4. Bg2 Bg7 5. O-O Nf6 6. b3 O-O 7. Bb2 Qe8 8. c4
Nbd7 9. d5 e5 10. dxe6 Qxe6 11. Nd4 Qe7 12. Nc3 Nc5 13. Nd5 Nxd5 14. cxd5 f4
15. b4 Ne4 16. Qc2 Ng5 17. Nf3 Bf5 18. Qd2 Bxb2 19. Qxb2 Be4 20. Nxg5 Bxg2 21.
Kxg2 Qxg5 22. Qd4 Rae8 23. Rac1 Rf7 24. Qxa7 Qxd5+ 25. Kg1 fxg3 26. hxg3 Rxe2
27. Rxc7 Rxc7 28. Qb8+ Kg7 29. Qxc7+ Qf7 30. Qxd6 Rxa2 31. Qe5+ Qf6 32. Qc5 Qf8
33. Qb6 Qf3 34. Rc1 Kh6 35. Qd4 Re2 36. Qh4+ Kg7 37. Qd4+ Kh6 38. b5 Qe4 39.
Qxe4 Rxe4 40. Rc7 Re1+ 41. Kg2 b6 42. Rc6 Rb1 43. Rxb6 Kg5 44. Rb8 Kf5 45. b6
Ke6 46. b7 Kd6 47. Kh3 Kc6 48. Kg4 Rb5 49. f4 Kc7 50. Rh8 h5+ 51. Kh4 Kxb7 52.
Rg8 Rb6 53. Kg5 Rb3 54. Rxg6 Rxg3+ 55. Kxh5 Rf3 56. Kg4 Ra3 57. Rd6 Kc7 58. Rd1
Ra8 59. f5 Ra6 60. Kg5 Rd6 61. Rxd6 Kxd6 62. Kg6 1-0

[Event "Saint-Lô Open Jeunes -2000"]
[Site "Saint-Lô"]
[Date "2014.07.07"]
[Round "2.3"]
[White "Dallemagne, Maximilien"]
[Black "Jamar, Vadim"]
[Result "0-1"]
[WhiteElo "1639"]
[BlackElo "1881"]
[PlyCount "67"]
[EventCountry "FRA"]
[SourceDate "2014.07.06"]

1. e4 c5 2. Nf3 e6 3. d3 Nc6 4. c3 d5 5. Qe2 d4 6. g3 e5 7. Bg2 Be6 8. Na3 f6
9. O-O Nge7 10. Rd1 a6 11. Nc2 b5 12. b4 dxc3 13. bxc5 Nd4 14. Nfxd4 exd4 15.
e5 Bd5 16. exf6 gxf6 17. Qh5+ Bf7 18. Qh4 Rc8 19. Qxf6 Ng6 20. Bc6+ Rxc6 21.
Qxc6+ Qd7 22. Nxd4 Bd5 23. Re1+ Be7 24. Qxd7+ Kxd7 25. Ne2 b4 26. Nf4 Nxf4 27.
Bxf4 Bxc5 28. Re5 Kc6 29. Rh5 Bxa2 30. Rxa2 b3 31. Rxc5+ Kxc5 32. Ra3 b2 33.
Rb3 a5 34. Be5 0-1

[Event "Saint-Lô Open Jeunes -2000"]
[Site "Saint-Lô"]
[Date "2014.07.07"]
[Round "2.4"]
[White "Miroi, Robert-Andrei"]
[Black "Ceripa, Adrien"]
[Result "1-0"]
[WhiteElo "1862"]
[BlackElo "1628"]
[PlyCount "83"]
[EventCountry "FRA"]
[SourceDate "2014.07.06"]

1. e4 e6 2. d3 d5 3. Nd2 Nf6 4. Ngf3 c5 5. g3 Nc6 6. Bg2 Bd6 7. O-O Ne5 8. Nxe5
Bxe5 9. Qe2 d4 10. f4 Bc7 11. a4 Bd7 12. Nc4 Bc6 13. b3 b6 14. Bd2 a6 15. b4
Rb8 16. g4 b5 17. axb5 axb5 18. Nb2 Qe7 19. g5 Nd7 20. Qf2 c4 21. c3 dxc3 22.
Bxc3 Bb6 23. d4 f6 24. Qg3 Kf7 25. Kh1 Rhf8 26. f5 exf5 27. d5 Bb7 28. exf5 Qe3
29. g6+ Kg8 30. gxh7+ Kxh7 31. Qg6+ Kg8 32. Rf3 Qe7 33. Rh3 Ne5 34. Bxe5 Qxe5
35. Rh7 Rf7 36. Qh5 Kf8 37. Rh8+ Ke7 38. Rxb8 Qxb8 39. Re1+ Kd7 40. Qxf7+ Kc8
41. Qe6+ Kd8 42. Qxb6+ 1-0

[Event "Saint-Lô Open Jeunes -2000"]
[Site "Saint-Lô"]
[Date "2014.07.07"]
[Round "2.5"]
[White "Machiels, Etienne"]
[Black "Gagarin, Vasily"]
[Result "0-1"]
[WhiteElo "1627"]
[BlackElo "1857"]
[PlyCount "54"]
[EventCountry "FRA"]
[SourceDate "2014.07.06"]

1. e4 e6 2. d4 d5 3. Nc3 Nf6 4. Bg5 Bb4 5. e5 h6 6. exf6 hxg5 7. fxg7 Rg8 8.
Bd3 Rxg7 9. Qh5 Rg8 10. Nf3 Nd7 11. Ne5 Nxe5 12. dxe5 d4 13. a3 dxc3 14. axb4
cxb2 15. Rb1 Qd4 16. O-O Qxe5 17. Rfe1 Qf6 18. Re3 a5 19. Rf3 Qg7 20. Rxb2 Rf8
21. Ra2 Bd7 22. bxa5 Ke7 23. Rg3 Rg8 24. h4 f6 25. hxg5 fxg5 26. Bh7 Rh8 27.
Rxg5 Qxh7 0-1

[Event "Saint-Lô Open Jeunes -2000"]
[Site "Saint-Lô"]
[Date "2014.07.07"]
[Round "2.6"]
[White "Bouvet, Florian"]
[Black "Marica, Ruxandra-Ioana"]
[Result "1-0"]
[WhiteElo "1845"]
[BlackElo "1611"]
[PlyCount "41"]
[EventCountry "FRA"]
[SourceDate "2014.07.06"]

1. e4 e5 2. Nf3 Nf6 3. Nxe5 d6 4. Nf3 Nxe4 5. d3 Nf6 6. Nc3 Be7 7. Be2 O-O 8.
Bf4 Bf5 9. h3 Nbd7 10. Qd2 c6 11. O-O-O b5 12. Nd4 b4 13. Nxf5 bxc3 14. Qxc3
Nc5 15. Bf3 Ne6 16. Rhe1 Rc8 17. Qa3 c5 18. Qxa7 Rc7 19. Qb6 Nxf4 20. Nxe7+ Kh8
21. Nf5 1-0

[Event "Saint-Lô Open Jeunes -2000"]
[Site "Saint-Lô"]
[Date "2014.07.07"]
[Round "2.7"]
[White "Remacle, Auguste"]
[Black "Trost, Martin"]
[Result "1-0"]
[WhiteElo "1601"]
[BlackElo "1838"]
[PlyCount "79"]
[EventCountry "FRA"]
[SourceDate "2014.07.06"]

1. e4 e5 2. Nf3 Nc6 3. Bc4 Nf6 4. Ng5 d5 5. exd5 Nd4 6. c3 b5 7. cxd4 bxc4 8.
dxe5 Nxd5 9. Qa4+ Bd7 10. Qxc4 Qxg5 11. Qxd5 Rd8 12. O-O Qg6 13. Qf3 Bb5 14.
Re1 Rd3 15. Re3 Bc5 16. Rxd3 Bxd3 17. Nc3 O-O 18. b3 Re8 19. Bb2 Rxe5 20. Qa8+
Bf8 21. Ba3 c5 22. Qd8 h5 23. Rc1 Rg5 24. g3 h4 25. Nd5 Rxd5 26. Qxd5 Be4 27.
Qe5 Bd6 28. Qe8+ Kh7 29. Qd8 hxg3 30. Qh4+ Kg8 31. hxg3 Qf5 32. Qd8+ Kh7 33.
Qh4+ Kg6 34. Rc4 Bf3 35. Rc1 Bd5 36. g4 Qe4 37. Qh5+ Kf6 38. Qf5+ Qxf5 39. gxf5
Kxf5 40. Bxc5 1-0

[Event "Saint-Lô Open Jeunes -2000"]
[Site "Saint-Lô"]
[Date "2014.07.07"]
[Round "2.8"]
[White "Gora, Antonina"]
[Black "Dallemagne, Brieuc"]
[Result "1-0"]
[WhiteElo "1832"]
[BlackElo "1601"]
[PlyCount "47"]
[EventCountry "FRA"]
[SourceDate "2014.07.06"]

1. e4 e6 2. d4 d5 3. e5 c5 4. c3 Nc6 5. a3 Qb6 6. Nf3 f6 7. exf6 Nxf6 8. b4
cxd4 9. cxd4 a6 10. Bd3 Bd6 11. O-O O-O 12. Bb2 Bd7 13. Ne5 Rad8 14. h3 Qc7 15.
Qe2 Rfe8 16. Nd2 Ne7 17. Rac1 Bc6 18. Ndf3 Kh8 19. Nf7+ Kg8 20. Nxd8 Qxd8 21.
Qxe6+ Kh8 22. Ng5 Qc7 23. Nf7+ Kg8 24. Nxd6+ 1-0

[Event "Saint-Lô Open Jeunes -2000"]
[Site "Saint-Lô"]
[Date "2014.07.07"]
[Round "2.9"]
[White "Kavalkou, Pavel"]
[Black "Lemière, Clément"]
[Result "1-0"]
[WhiteElo "1820"]
[BlackElo "1599"]
[PlyCount "55"]
[EventCountry "FRA"]
[SourceDate "2014.07.06"]

1. Nf3 Nf6 2. c4 d6 3. d4 g6 4. b4 Bg7 5. Bb2 O-O 6. Nbd2 d5 7. c5 c6 8. e3 Bf5
9. Be2 Re8 10. Nh4 Bc8 11. f4 Nfd7 12. Nhf3 f6 13. O-O e5 14. b5 e4 15. Ne1 f5
16. Rb1 Nf6 17. Bc3 Be6 18. bxc6 bxc6 19. Qa4 Bd7 20. Nc2 Re6 21. Rb7 a6 22.
Rfb1 Be8 23. Ba5 Qc8 24. Rc7 Qxc7 25. Bxc7 Nbd7 26. Bxa6 h5 27. Be5 Nf8 28. Rb8
1-0

[Event "Saint-Lô Open Jeunes -2000"]
[Site "Saint-Lô"]
[Date "2014.07.08"]
[Round "3.1"]
[White "Roque, Gaetan"]
[Black "Remacle, Auguste"]
[Result "1-0"]
[WhiteElo "1925"]
[BlackElo "1601"]
[PlyCount "123"]
[EventCountry "FRA"]
[SourceDate "2014.07.06"]

1. d4 d5 2. Bf4 e6 3. e3 Nf6 4. Bd3 Bd6 5. Bg3 O-O 6. Nd2 b6 7. Ngf3 Bb7 8. Ne5
Nbd7 9. f4 Ne4 10. c3 Qe7 11. Qc2 f5 12. O-O-O c5 13. Rdg1 Rac8 14. Be1 Ndf6
15. Bh4 Qe8 16. Bxf6 Rxf6 17. Ndf3 c4 18. Bxe4 dxe4 19. Ng5 h6 20. Nh3 Bxe5 21.
fxe5 Rf8 22. g4 g5 23. Nf2 f4 24. Nxe4 Qg6 25. Nf6+ Rxf6 26. exf6 Qxc2+ 27.
Kxc2 Bxh1 28. Rxh1 fxe3 29. Kd1 Rf8 30. Rf1 Kf7 31. Ke2 Kg6 32. Kxe3 Rxf6 33.
Rxf6+ Kxf6 34. Ke4 b5 35. d5 exd5+ 36. Kxd5 h5 37. h3 h4 38. a4 a6 39. axb5
axb5 40. Kd6 Kf7 41. Kc5 Ke6 42. Kxb5 Ke5 43. Kxc4 Kf4 44. b4 Kg3 45. b5 Kxh3
46. b6 Kxg4 47. b7 Kh3 48. b8=Q g4 49. Kd3 g3 50. Ke2 Kg2 51. Qb7+ Kh2 52. Qc7
Kg2 53. Qc6+ Kh2 54. Qd6 Kg2 55. Qd5+ Kh2 56. Qe5 Kg2 57. Qe4+ Kh2 58. Qxh4+
Kg2 59. Qh5 Kg1 60. Kf3 g2 61. Qg4 Kh1 62. Qxg2# 1-0

[Event "Saint-Lô Open Jeunes -2000"]
[Site "Saint-Lô"]
[Date "2014.07.08"]
[Round "3.2"]
[White "Niepceron, Aurélien"]
[Black "De Feijter, Bas"]
[Result "0-1"]
[WhiteElo "1652"]
[BlackElo "1895"]
[PlyCount "56"]
[EventCountry "FRA"]
[SourceDate "2014.07.06"]

1. e4 c5 2. Nf3 e6 3. d4 cxd4 4. Nxd4 a6 5. Nc3 Qc7 6. Be2 b5 7. a3 Bb7 8. O-O
Nf6 9. f3 Be7 10. Kh1 d5 11. exd5 Nxd5 12. Nf5 Bf6 13. Nxd5 Bxd5 14. Ne3 Bc6
15. Ng4 Nd7 16. Bd3 Be7 17. Qe2 h5 18. Nf2 Bd6 19. f4 Nc5 20. Ne4 Nxd3 21. Qxd3
Be7 22. Qc3 Qb7 23. Qxg7 O-O-O 24. Qc3 Kb8 25. Re1 Bxe4 26. Qe5+ Ka8 27. Rxe4
Bf6 28. Qxf6 Qxe4 0-1

[Event "Saint-Lô Open Jeunes -2000"]
[Site "Saint-Lô"]
[Date "2014.07.08"]
[Round "3.3"]
[White "Jamar, Vadim"]
[Black "Grigorita, Anastasia"]
[Result "1-0"]
[WhiteElo "1881"]
[BlackElo "1490"]
[PlyCount "57"]
[EventCountry "FRA"]
[SourceDate "2014.07.06"]

1. e4 c6 2. Ne2 d5 3. e5 Bf5 4. Ng3 Bg6 5. h4 h6 6. h5 Bh7 7. e6 fxe6 8. d4 e5
9. dxe5 e6 10. Bd3 Bxd3 11. Qxd3 Nd7 12. Qg6+ Ke7 13. f4 Qe8 14. Qd3 Kd8 15.
Be3 Bc5 16. Nc3 Bxe3 17. Qxe3 Ne7 18. O-O-O c5 19. Nb5 Nc8 20. c4 Ndb6 21. Qxc5
Qf7 22. Rhf1 Qd7 23. Rd4 Qc6 24. Ne4 Nxc4 25. Rxc4 Qxc5 26. Rxc5 dxe4 27. Rd1+
Ke7 28. Rc7+ Ke8 29. Rxb7 1-0

[Event "Saint-Lô Open Jeunes -2000"]
[Site "Saint-Lô"]
[Date "2014.07.08"]
[Round "3.4"]
[White "Carlier, Nathan"]
[Black "Miroi, Robert-Andrei"]
[Result "1/2-1/2"]
[WhiteElo "1521"]
[BlackElo "1862"]
[PlyCount "58"]
[EventCountry "FRA"]
[SourceDate "2014.07.06"]

1. e4 c5 2. c3 d5 3. exd5 Qxd5 4. Nf3 Nf6 5. d4 e6 6. Bf4 cxd4 7. Qxd4 Nc6 8.
Qxd5 Nxd5 9. Bg3 Be7 10. Bc4 Nb6 11. Bb3 O-O 12. O-O Bd7 13. Nbd2 Na5 14. Bc2
f6 15. Rad1 e5 16. Rfe1 Nc6 17. Bb3+ Kh8 18. Nc4 Bg4 19. Nxb6 axb6 20. h3 Bxf3
21. gxf3 Rfd8 22. f4 Bd6 23. fxe5 Bxe5 24. Bxe5 Nxe5 25. Rxd8+ Rxd8 26. Rd1
Rxd1+ 27. Bxd1 Nd3 28. b3 Nc1 29. a4 Na2 1/2-1/2

[Event "Saint-Lô Open Jeunes -2000"]
[Site "Saint-Lô"]
[Date "2014.07.08"]
[Round "3.5"]
[White "Gagarin, Vassily"]
[Black "Duchossoir, Anatole"]
[Result "1-0"]
[WhiteElo "1857"]
[BlackElo "1373"]
[PlyCount "61"]
[EventCountry "FRA"]
[SourceDate "2014.07.06"]

1. d4 d5 2. Nf3 Nc6 3. e3 Nf6 4. Bd3 e6 5. O-O Bd6 6. b3 Bd7 7. Bb2 Ne7 8. Ne5
Ng6 9. f4 Bxe5 10. fxe5 Ne4 11. Bxe4 dxe4 12. Nd2 f5 13. exf6 gxf6 14. Nxe4 Bc6
15. Nxf6+ Ke7 16. Ba3+ Kf7 17. Nxh7+ Kg7 18. Nf6 Rh6 19. Nh5+ Kh8 20. Qg4 Qd5
21. Nf6 Qa5 22. Bb2 Qd2 23. Qg5 Rh4 24. Rf2 Qb4 25. Qxg6 Qd6 26. Ng4 Qd5 27. e4
Qxe4 28. d5+ e5 29. Qxe4 Bxd5 30. Qxe5+ Kh7 31. Qg7# 1-0

[Event "Saint-Lô Open Jeunes -2000"]
[Site "Saint-Lô"]
[Date "2014.07.08"]
[Round "3.6"]
[White "Bernardon, Pauline"]
[Black "Bouvet, Florian"]
[Result "0-1"]
[WhiteElo "1468"]
[BlackElo "1854"]
[PlyCount "120"]
[EventCountry "FRA"]
[SourceDate "2014.07.06"]

1. e4 c5 2. Nf3 e6 3. d4 cxd4 4. Nxd4 Nf6 5. e5 Qa5+ 6. c3 Qxe5+ 7. Be2 Nc6 8.
Nf3 Qc7 9. O-O d5 10. Be3 Bd6 11. h3 O-O 12. Nbd2 Rd8 13. Qc2 b6 14. c4 Ba6 15.
Rfe1 Na5 16. b3 Rac8 17. Rac1 Ba3 18. Rb1 Bb4 19. Bd3 dxc4 20. bxc4 Be7 21. Ng5
g6 22. Rec1 Qd7 23. Be2 Nd5 24. Qe4 Nxe3 25. Ndf3 Nf5 26. g4 Nd4 27. Nxd4 Qxd4
28. Qxd4 Rxd4 29. Nf3 Rd7 30. Ne5 Rdc7 31. Rd1 f6 32. Nf3 Bxc4 33. Bxc4 Nxc4
34. Nd4 Kf7 35. Nb5 Rb7 36. Rbc1 a6 37. Nd4 b5 38. Re1 e5 39. Nb3 Rbc7 40. h4
Bb4 41. Red1 Na5 42. Rxc7+ Rxc7 43. Nxa5 Bxa5 44. Rd6 Ra7 45. g5 fxg5 46. hxg5
Bc3 47. Rf6+ Ke7 48. Rf3 b4 49. a3 a5 50. axb4 axb4 51. Re3 Rc7 52. f4 b3 53.
fxe5 b2 54. Rf3 b1=Q+ 55. Rf1 Bd4+ 56. Kg2 Rc2+ 57. Rf2 Rxf2+ 58. Kg3 Qd3+ 59.
Kg4 Qf3+ 60. Kh4 Rh2# 0-1

[Event "Saint-Lô Open Jeunes -2000"]
[Site "Saint-Lô"]
[Date "2014.07.08"]
[Round "3.7"]
[White "Saucourt, Nathan"]
[Black "Gora, Antonina"]
[Result "0-1"]
[WhiteElo "1371"]
[BlackElo "1832"]
[PlyCount "78"]
[EventCountry "FRA"]
[SourceDate "2014.07.06"]

1. d4 d5 2. c4 e6 3. Nf3 Nf6 4. e3 c5 5. b3 cxd4 6. exd4 b6 7. Bb2 Bb7 8. Bd3
Bd6 9. O-O O-O 10. Nc3 a6 11. Rc1 Nbd7 12. Re1 Re8 13. Ne5 Qb8 14. Nxd7 Nxd7
15. h3 Nf6 16. Na4 Bc7 17. Bc3 Qd8 18. c5 b5 19. Nb2 Ne4 20. Bb4 Bc6 21. a4 Qf6
22. Bxe4 dxe4 23. Bc3 Qf4 24. g3 Qf5 25. Qg4 Qd5 26. Re3 f5 27. Qg5 f4 28. Qxd5
exd5 29. Re2 fxg3 30. fxg3 Bxg3 31. Rg2 Bf4 32. Rf1 Bh6 33. Kh1 Bd7 34. Rf6 Kh8
35. Rd6 Bxh3 36. Rh2 Be6 37. Rh5 Bf4 38. Rb6 g6 39. Rh4 Bg3 0-1

[Event "Saint-Lô Open Jeunes -2000"]
[Site "Saint-Lô"]
[Date "2014.07.08"]
[Round "3.8"]
[White "Romas, Lionia"]
[Black "Kavalkou, Pavel"]
[Result "0-1"]
[WhiteElo "1361"]
[BlackElo "1820"]
[PlyCount "58"]
[EventCountry "FRA"]
[SourceDate "2014.07.06"]

1. e4 Nf6 2. Nc3 d5 3. f3 e5 4. Nxd5 Nxd5 5. exd5 Qxd5 6. Ne2 Bf5 7. Nc3 Qd8 8.
Bc4 Qh4+ 9. g3 Qxc4 10. d3 Qd4 11. Qe2 Bc5 12. Nb5 Qb4+ 13. Nc3 Nc6 14. a3 Qd4
15. f4 O-O 16. fxe5 Bg4 17. Qg2 Qxe5+ 18. Ne4 f5 19. c3 fxe4 20. d4 Nxd4 21.
cxd4 Qxd4 22. Qd2 Rad8 23. Qxd4 Bxd4 24. Bf4 Bxb2 25. Rb1 Bc3+ 26. Kf2 Rd2+ 27.
Kf1 Bh3+ 28. Kg1 Bd4+ 29. Be3 Bxe3# 0-1

[Event "Saint-Lô Open Jeunes -2000"]
[Site "Saint-Lô"]
[Date "2014.07.08"]
[Round "3.9"]
[White "Juran, Baptiste"]
[Black "Guerlach, Keigo"]
[Result "1/2-1/2"]
[WhiteElo "1349"]
[BlackElo "1761"]
[PlyCount "47"]
[EventCountry "FRA"]
[SourceDate "2014.07.06"]

1. c4 e6 2. Nc3 d5 3. d4 c6 4. e4 dxe4 5. Nxe4 Bb4+ 6. Nc3 Nf6 7. Nf3 Ne4 8.
Qc2 Nxc3 9. bxc3 Be7 10. Bd3 h6 11. O-O Nd7 12. Rb1 O-O 13. Bf4 Nf6 14. c5 Nd5
15. Bg3 b6 16. c4 Nf6 17. cxb6 axb6 18. Ne5 c5 19. Nc6 Qd7 20. Nxe7+ Qxe7 21.
Rxb6 cxd4 22. Bd6 Qa7 23. c5 Rd8 24. Rfb1 1/2-1/2

[Event "Saint-Lô Open Jeunes -2000"]
[Site "Saint-Lô"]
[Date "2014.07.08"]
[Round "3.10"]
[White "Brouard, Grégoire"]
[Black "Marie, Florian"]
[Result "0-1"]
[WhiteElo "1340"]
[BlackElo "1752"]
[PlyCount "38"]
[EventCountry "FRA"]
[SourceDate "2014.07.06"]

1. d4 Nf6 2. c4 g6 3. Nc3 Bg7 4. e4 d6 5. f4 O-O 6. Nf3 c5 7. d5 e6 8. h3 exd5
9. cxd5 Nxe4 10. Nxe4 Re8 11. Nfd2 Qh4+ 12. Ke2 f5 13. Qe1 Qxf4 14. g3 Qe5 15.
Bg2 fxe4 16. Kd1 e3 17. Nf3 e2+ 18. Kc2 Bf5+ 19. Kd2 Qe3# 0-1

[Event "Saint-Lô Open Jeunes -2000"]
[Site "Saint-Lô"]
[Date "2014.07.08"]
[Round "4.1"]
[White "Marie, Florian"]
[Black "Roque, Gaetan"]
[Result "1/2-1/2"]
[WhiteElo "1752"]
[BlackElo "1925"]
[PlyCount "40"]
[EventCountry "FRA"]
[SourceDate "2014.07.06"]

1. d4 Nf6 2. e3 e6 3. Bd3 d6 4. f4 Be7 5. Nf3 b6 6. O-O Bb7 7. Nbd2 c5 8. c3
O-O 9. Qe2 Nbd7 10. b3 Qc7 11. e4 cxd4 12. cxd4 e5 13. fxe5 dxe5 14. Bb2 exd4
15. Rac1 Qd8 16. e5 Nd5 17. Nxd4 Bg5 18. e6 Be3+ 19. Kh1 N7f6 20. h3 h6 1/2-1/2